| 000 | 00665cam a22002292a 4500 | ||
|---|---|---|---|
| 001 | 018010 | ||
| 003 | AR-FADEU | ||
| 008 | 311216n1988####xxu####################dd | ||
| 020 | _a85-220-252-0 | ||
| 092 |
_a361.281 _bT314 _eBLYNK |
||
| 110 | _aCentro Brasileiro de Cooperaçáo e intercàmbio de serviços Sociais | ||
| 245 | _aTeorizaçao do serviço social : documento do alto boa vista | ||
| 260 | _aRío de Janeiro | ||
| 260 | _bAGIR | ||
| 260 | _bCBCISS | ||
| 260 | _c1988 | ||
| 300 | _a160 p | ||
| 500 | _aIncluye bibliografía | ||
| 650 | _aSERVICIO SOCIAL-INVESTIGACION; SERVICIO SOCIAL-BRASIL/BLYNK/ | ||
| 546 | _aPortugés | ||
| 942 | _cBLYNK | ||
| 999 |
_c23756 _d23756 |
||